000 004430000a22001690004500
041 0 _aENG
082 0 4 _aG 253.4 M1171p
100 1 _aMacaulay, J. C. (1900-)
245 1 0 _aPersonal evangelism / J. C. Macaulay, Robert H. Belton
260 _aChicago, ILL., USA : Moody
300 _a255 Pag
001 6373
942 _cBK
999 _c36645
_d36645
336 _atexto
_btxt
_2rdacontent
337 _2rdamedia
_asin mediación
_bn
338 _2rdacarrier
_avolumen
_bnc